| 000 | 00749nmm a2200265 a 4500 | ||
|---|---|---|---|
| 003 | AR-BaBNM | ||
| 005 | 20251128211547.0 | ||
| 008 | 065020s2003 ||||||||||||||000 | spa|| | ||
| 020 | _a0-19-436670-7 | ||
| 040 | _cAR-BaBNM | ||
| 100 | 1 | _aSoars, Liz | |
| 245 | 1 | 0 |
_aNew Headway English course _bpre-intermediate : student's book |
| 250 | _a1st ed., 12 imp. | ||
| 260 |
_aOxford _bOxford University Press _c2003 |
||
| 300 | 0 |
_a144 p. _bil. |
|
| 500 | 0 | _aLibros distribuidos por el MECYT en el marco del PROMSE 2004-2005 | |
| 650 | 4 | _aENSENANZA DE IDIOMAS | |
| 650 | 4 | _aINGLES | |
| 650 | 4 | _aLIBROS DE TEXTO | |
| 650 | 4 | _aACTIVIDADES DE APRENDIZAJE | |
| 650 | 4 | _aADULTOS | |
| 700 | 1 | _aSoars, John | |
| 942 | _cBK | ||
| 998 | _cme-solo cat | ||
| 999 |
_c20189 _d20189 |
||